000
00290nam a2200109Ia 4500
008
201216s9999 xx 000 0 und d
100
_a
Laurie, Peter
245
0
_a
Databases : How To Manage Information On Your Micro
260
_a
London
_b
Chapman & Hall Methuen
300
_a
139
942
_c
BK
999
_c
6777
_d
6777